[Event "Ricany op-A"]
[Site "Ricany"]
[Date "2017.09.01"]
[Round "8"]
[White "Paulovic, Milan"]
[Black "Benes, Karel"]
[Result "1-0"]
[WhiteElo "1781"]
[BlackElo "1706"]
[PlyCount "131"]
[EventDate "2017.08.26"]
[EventType "swiss"]
[EventRounds "9"]
[EventCountry "CZE"]
[SourceTitle "CBM 180 Extra"]
[Source "ChessBase"]
[SourceDate "2017.10.06"]
[SourceVersion "1"]
[SourceVersionDate "2017.10.06"]
[SourceQuality "1"]

1. e4 d6 2. d4 e6 3. Nf3 Nd7 4. Bd3 Be7 5. c3 c6 6. 0-0 Qc7 7. a4 b6 8. Na3 Ngf6 9. h3 0-0 10. Bg5 Bb7 11. Re1 e5 12. Nc4 a6 13. Ne3 Rfe8 14. Nf5 Nf8 15. Re3 Ne6 16. Bh4 Nf4 17. Bf1 Ng6 18. Bg3 Rad8 19. N3h4 Bf8 20. Bd3 Nf4 21. Nf3 N6h5 22. Bh2 g6 23. Ng3 Bh6 24. Nxh5 Nxh5 25. Re1 Nf4 26. Bf1 Ne6 27. g3 Bc8 28. b4 Bg7 29. d5 cxd5 30. exd5 Nf8 31. Qb3 Bb7 32. Rac1 Rc8 33. g4 Nd7 34. Bg2 Qc4 35. Qxc4 Rxc4 36. Nd2 Rcc8 37. c4 a5 38. Ne4 Bf8 39. bxa5 bxa5 40. Bf1 Nc5 41. Nf6+ Kg7 42. Nxe8+ Rxe8 43. Rb1 Re7 44. Rb6 Rd7 45. Reb1 Be7 46. f3 f6 47. Kg2 Bd8 48. R6b2 f5 49. Bg1 Ba6 50. Bxc5 dxc5 51. Rb8 h6 52. Ra8 Rd6 53. Rbb8 Be7 54. Ra7 Kf7 55. gxf5 gxf5 56. Bd3 e4 57. fxe4 fxe4 58. Bxe4 Kf6 59. Re8 Bd8 60. Rg8 Ke5 61. Rg6 Rxg6+ 62. Bxg6 Bxc4 63. Bf7 Bb3 64. Rd7 Bg5 65. Ra7 c4 66. Rc7 1-0

[Event "Ricany op-A"]
[Site "Ricany"]
[Date "2017.08.26"]
[Round "1"]
[White "Benes, Karel"]
[Black "Bares, Jachym"]
[Result "0-1"]
[WhiteElo "1706"]
[BlackElo "1989"]
[PlyCount "80"]
[EventDate "2017.08.26"]
[EventType "swiss"]
[EventRounds "9"]
[EventCountry "CZE"]
[SourceTitle "CBM 180 Extra"]
[Source "ChessBase"]
[SourceDate "2017.10.06"]
[SourceVersion "1"]
[SourceVersionDate "2017.10.06"]
[SourceQuality "1"]

1. e4 e5 2. Nf3 Nc6 3. d4 exd4 4. Nxd4 Nf6 5. Bg5 Be7 6. Nc3 Nxe4 7. Nxc6 bxc6 8. Bxe7 Qxe7 9. Nxe4 Qxe4+ 10. Qe2 Qxe2+ 11. Bxe2 0-0 12. Kd2 Rb8 13. Kc3 d5 14. Rad1 Bf5 15. Rhe1 Rfe8 16. g4 Rxe2 17. gxf5 Rbe8 18. Rf1 f6 19. Rd3 R8e4 20. Kb3 Rc4 21. c3 Rf4 22. Rd4 Rfxf2 23. Rxf2 Rxf2 24. Ra4 c5 25. Rxa7 c4+ 26. Ka3 Rxh2 27. Rxc7 h5 28. b4 cxb3 29. axb3 Rh1 30. Rc8+ Kh7 31. Re8 h4 32. Re3 g5 33. fxg6+ Kxg6 34. Rd3 h3 35. Kb4 h2 36. Rh3 f5 37. Kb5 f4 38. Rh8 f3 39. Rg8+ Kf7 40. Rg3 Rf1 0-1

[Event "Wch Seniors 65 26th"]
[Site "Marianske Lazne"]
[Date "2016.11.30"]
[Round "11"]
[White "Ostrowski, Michal"]
[Black "Benes, Karel"]
[Result "0-1"]
[WhiteElo "1223"]
[BlackElo "1700"]
[PlyCount "48"]
[EventDate "2016.11.19"]
[EventType "swiss"]
[EventRounds "11"]
[EventCountry "CZE"]
[SourceTitle "EXT 2018"]
[Source "ChessBase"]
[SourceDate "2017.10.13"]
[SourceVersion "1"]
[SourceVersionDate "2017.10.13"]
[SourceQuality "1"]

1. b4 e5 2. Bb2 d6 3. c4 Nf6 4. Nc3 Be6 5. e3 Be7 6. Be2 0-0 7. Nf3 Nbd7 8. 0-0 h6 9. Qc2 c6 10. a3 Rc8 11. Rad1 Qc7 12. d4 Rfd8 13. Rd2 d5 14. c5 e4 15. Ne5 Nxe5 16. dxe5 Nd7 17. f4 exf3 18. Bxf3 Nxe5 19. Be2 Ng4 20. Bxg4 Bxg4 21. Rdf2 Bh5 22. Nd1 Rf8 23. Bd4 Bg6 24. Qc3 f6 0-1

[Event "Wch Seniors 65 26th"]
[Site "Marianske Lazne"]
[Date "2016.11.22"]
[Round "4"]
[White "Benes, Karel"]
[Black "Lacha, Jan"]
[Result "0-1"]
[WhiteElo "1700"]
[BlackElo "1796"]
[PlyCount "74"]
[EventDate "2016.11.19"]
[EventType "swiss"]
[EventRounds "11"]
[EventCountry "CZE"]
[SourceTitle "CBM 175 Extra"]
[Source "ChessBase"]
[SourceDate "2016.12.12"]
[SourceVersion "1"]
[SourceVersionDate "2016.12.12"]
[SourceQuality "1"]

1. e4 e6 2. Nf3 d5 3. exd5 exd5 4. d4 Nf6 5. Bg5 Be7 6. Bd3 0-0 7. 0-0 Bg4 8. Nbd2 Nbd7 9. c3 Re8 10. Qc2 Bxf3 11. Nxf3 Ne4 12. Bxe7 Qxe7 13. Rae1 f5 14. Re2 Qf7 15. Rfe1 Qh5 16. Qb3 Nb6 17. Bxe4 fxe4 18. Rxe4 Rxe4 19. Rxe4 Rf8 20. Re5 Qg6 21. Qd1 Rxf3 22. Qe1 Rf8 23. h3 c6 24. b3 Nc8 25. Qe2 Nd6 26. Re7 Re8 27. Qe5 Rxe7 28. Qxe7 h6 29. Qd8+ Kh7 30. Qb8 a6 31. a4 Qe6 32. Kh2 Qf6 33. Kg1 Ne4 34. f3 Nxc3 35. Qe5 Qxe5 36. dxe5 g5 37. Kf2 Kg6 0-1

[Event "Wch Seniors 65 26th"]
[Site "Marianske Lazne"]
[Date "2016.11.19"]
[Round "1"]
[White "Myall, Ivan J"]
[Black "Benes, Karel"]
[Result "1-0"]
[WhiteElo "2042"]
[BlackElo "1700"]
[PlyCount "45"]
[EventDate "2016.11.19"]
[EventType "swiss"]
[EventRounds "11"]
[EventCountry "CZE"]
[SourceTitle "CBM 175 Extra"]
[Source "ChessBase"]
[SourceDate "2016.12.12"]
[SourceVersion "1"]
[SourceVersionDate "2016.12.12"]
[SourceQuality "1"]

1. e4 e5 2. Nc3 c6 3. d4 exd4 4. Qxd4 d6 5. Nf3 Nd7 6. a4 Qf6 7. Be3 Qxd4 8. Bxd4 Ngf6 9. Be2 Be7 10. 0-0 0-0 11. a5 Ng4 12. h3 Ngf6 13. a6 Nc5 14. Bxc5 dxc5 15. axb7 Bxb7 16. Rfd1 Rfd8 17. Rxd8+ Bxd8 18. Bc4 Nd7 19. Rd1 Nb6 20. Ba2 Be7 21. Ne5 Rd8 22. Rxd8+ Bxd8 23. Nxf7 1-0